Formula 1 podia 2020 - Statystyki

Ogólne statystyki
  • Ten quiz został rozwiązany 2 673 razy
  • Średni wynik to 17 z 17
Statystyki odpowiedzi
GP 1 miejsce 2 miejsce 3 miejsce % Poprawnych
Styrii Hamilton Bottas Verstappen
100%
Węgier Hamilton Verstappen Bottas
100%
Wielkiej Brytanii Hamilton Verstappen Leclerc
100%
Hiszpanii Hamilton Verstappen Bottas
100%
Belgii Hamilton Bottas Verstappen
100%
Toskanii Hamilton Bottas Albon
100%
Niemiec Hamilton Verstappen Ricciardo
100%
Portugalii Hamilton Bottas Verstappen
100%
Imolii Hamilton Bottas Ricciardo
100%
Turcji Hamilton Perez Vettel
100%
Bahrajnu Hamilton Verstappen Albon
100%
70-lecia Verstappen Hamilton Bottas
99%
Abu Dhabi Verstappen Bottas Hamilton
99%
Austrii Bottas Leclerc Norris
98%
Rosji Bottas Verstappen Hamilton
98%
Sakhiru Perez Ocon Stroll
93%
Włoch Gasly Sainz Stroll
85%
Nie znaleziono quizów pasujących do podanych kryteriów
Rozkład punktacji
Procent ludzi z każdym wynikiem
Percentyl według liczby udzielonych odpowiedzi
Twoja historia wyników
Nie rozwiązałeś tego quizu